La misa del gallo / (Record no. 39994)
[ view plain ]
| 000 -CABECERA | |
|---|---|
| campo de control de longitud fija | 00524nam a2200181 a 4500 |
| 001 - NÚMERO DE CONTROL | |
| campo de control | 000040504 |
| 005 - FECHA Y HORA DE LA ÚLTIMA TRANSACCIÓN | |
| campo de control | 20201002034156.0 |
| 008 - DATOS DE LONGITUD FIJA--INFORMACIÓN GENERAL | |
| campo de control de longitud fija | 130826s2005 mx 000 0 spa d |
| 020 ## - NÚMERO INTERNACIONAL ESTÁNDAR DEL LIBRO | |
| Número Internacional Estándar del Libro | 9703216412 |
| 040 ## - FUENTE DE LA CATALOGACIÓN | |
| Centro catalogador/agencia de origen | DO-SdBNP |
| Lengua de catalogación | spa |
| Centro/agencia transcriptor | BNPHU |
| 100 1# - ENTRADA PRINCIPAL--NOMBRE DE PERSONA | |
| Nombre de persona | Uslar Pietri, Arturo |
| 9 (RLIN) | 9224 |
| 245 13 - MENCIÓN DE TÍTULO | |
| Título | La misa del gallo / |
| Mención de responsabilidad, etc. | Arturo Uslar Pietri. |
| 260 ## - PUBLICACIÓN, DISTRIBUCIÓN, ETC. | |
| Lugar de publicación, distribución, etc. | México : |
| Nombre del editor, distribuidor, etc. | Universidad Nacional de México, |
| Fecha de publicación, distribución, etc. | 2005. |
| 300 ## - DESCRIPCIÓN FÍSICA | |
| Extensión | 32 p. : |
| Otras características físicas | 22 cm. |
| 490 1# - MENCIÓN DE SERIE | |
| Mención de serie | Lunes |
| Designación de volumen o secuencia | 30 |
| 533 ## - NOTA DE REPRODUCCIÓN | |
| Tipo de reproducción | Facsímil: |
| Lugar de la reproducción | México |
| Fecha de la reproducción | 1947 |
| 830 #0 - PUNTO DE ACCESO ADICIONAL DE SERIE-TÍTULO UNIFORME | |
| Título uniforme | Lunes |
| Número de parte o sección de la obra | 30 |
| 9 (RLIN) | 66815 |
| Estado de retiro | Estado de pérdida | Restricciones de uso | No para préstamo | Código de colección | Localización permanente | Ubicación/localización actual | Ubicación en estantería | Fecha de adquisición | Número de inventario | Total de préstamos | Signatura topográfica completa | Código de barras | Fecha visto por última vez | Precio válido a partir de | Tipo de ítem Koha |
|---|---|---|---|---|---|---|---|---|---|---|---|---|---|---|---|
| Excluido de préstamo | Monografías: Libros y Folletos | General | General | En catalogación | 26.08.2013 | LF1 | 40504-10 | 25.06.2020 | 25.06.2020 | No se presta |
